| 000 | 01062cam a2200241 4500 | ||
|---|---|---|---|
| 001 | ABS62864 | ||
| 008 | 000000n2000 000 0 eng u | ||
| 035 | _a(Sirsi) u108500 | ||
| 100 | _aBingham, T. | ||
| 245 | _aTime is not on your side | ||
| 260 | _c2000 | ||
| 490 |
_aBuilding _v265(8152) 8 September 2000, 63(1) |
||
| 520 | _aDiscusses the decision in "Whiteways Contractors (Sussex) Ltd v Impresa Castelli Construction Ltd" which concerned an adjudicator's award to a builder for work that was subsequently shown to be defective and whether the client is within its rights to knock off a certain amount to compensate. | ||
| 590 | _aABS | ||
| 650 | _aWHITEWAYS CONTRACTORS (SUSSEX) LTD V IMPRESA CASTELLI CONSTRUCTION UK LTD | ||
| 650 | _aMANAGEMENT-DISPUTE AVOIDANCE, MANAGEMENT AND RESOLUTION-DISPUTE MANAGEMENT AND RESOLUTION-ALTERNATIVE DISPUTE RESOLUTION-ADJUDICATION | ||
| 650 | _aABATEMENT | ||
| 650 | _aINTERIM PAYMENTS | ||
| 650 | _aINTERIM VALUATIONS | ||
| 650 | _aS111 NOTICES | ||
| 690 |
_aDispute resolution _96236 |
||
| 942 | _n0 | ||
| 999 |
_c64783 _d64783 |
||